000 00397nam a22001337a 4500
020 _qHB.
040 _cFIZZA ISHAQ
082 _a333.72
_bEAR
100 _a Learning , Graphic.
_9133855
245 _aConcise Earth Book World Atlas /
_c Graphic Learning.
260 _aYugosiavia:
_bDenver, Colo. : Earthbooks Incorporated,
_c 1990.
300 _a184 P. ;
_c7.2 X 5.2 X.5 inches
942 _2ddc
_cBK
999 _c616837
_d616837